Statistiken für Länder, die Taiwan am nächsten liegen - Ein-Minuten-Sprint

Klicken Sie hier um das Quiz zu spielen!

Allgemein

  • Dieses Quiz wurde 56 mal gespielt
  • Das Durchschnittsergebnis liegt bei 14 aus 20

Antwortstatistiken

kmLand% Korrekt
4China
100%
1088Vietnam
95%
107Japan
93%
990Südkorea
93%
1439Nordkorea
90%
156Philippinen
90%
1444Laos
83%
1734Thailand
83%
2033Indonesien
81%
1606Kambodscha
81%
1774Birma
74%
1664Malaysia
74%
2115Indien
67%
2195Mongolei
67%
2069Russland
62%
1977Brunei
50%
2599Bangladesch
43%
2628Bhutan
36%
2241Mikronesien
21%
2116Palau
19%

Verteilung der Resultate

Perzentil nach korrekt beantworteten Fragen

Anzahl Personen mit jedem Resultat

Ihre Resultats-Entwicklung

Sie haben dieses Quiz noch nicht gespielt